Jurídica : Anuario de la Escuela de Derecho de la Universidad Iberoamericana : tomo II, número 2, julio 1970 /

Guardado en:
Detalles Bibliográficos
Otros autores: Borja Martínez, Manuel (dirección) (dirección)
Formato: Libro
Idioma:Español
Publicado: México : Universidad Iberoamericana, Plantel Santa Fe, Departamento de Derecho, 1970, c1970
Etiquetas: Agrega una etiqueta
Sin etiquetas, Sé el primero en etiquetar este registro!

MARC

LEADER 00000nam^a2200000^a^4500
001 000435849
005 20250526000000.0
009 20260310123141.735
037 |a Acervo ITESO - Biblioteca 
041 |a ESP 
091 |a FHM. 07873 
245 0 0 |a Jurídica :  |b Anuario de la Escuela de Derecho de la Universidad Iberoamericana : tomo II, número 2, julio 1970 / 
264 4 |a México :  |b Universidad Iberoamericana, Plantel Santa Fe, Departamento de Derecho,  |c 1970, c1970 
300 |a VIII, 436 p. ;  |c 22.5 cm. 
336 |a texto  |b txt  |2 rdacontenido 
337 |a sin mediación  |b n  |2 rdamedio 
338 |a volumen  |b nc  |2 rdasoporte 
649 |a XX 
700 |a Borja Martínez, Manuel  |e (dirección) 
910 |a Fondo Hugo B. Margáin 
920 |a Impresos - Libros 
930 |a Libros Antiguos y Raros 
905 |a 126 
901 |a 0500306952  |b IT2  |c LRA  |i D110711  |u 20250526 
902 |a https://opac.biblio.iteso.mx/vufind/Record/000435849